000 00895nac a22002657a 4500
001 BR8006275
003 BR-BrBNA
005 20240105114819.0
008 230509b bl.|||m| |||| 00| 0 por d
040 _aBR-BrBNA
_bpor
_cBiblioteca Nacional de Agricultura
072 _aF70
090 _aF70 BR8006275
100 1 _aAllem, A.C.
110 1 _aMuseu Botanico Municipal, Curitiba, PR (Brasil)
_97640
245 1 _aNotas taxonomicas e novos sinonimos em especies de Manihot - 6 (Euphorbiaceae)[Taxonomia vegetal, Brasil]
260 3 _aCuritiba, PR (Brasil):
_c1980.
300 _a16 p.
490 _aBoletim do Museu Botanico Municipal (Brazil)
_vno. 40
_x
500 _a5 illus.; 5 ref.; Summaries (En, Pt)
650 _aTAXONOMIA VEGETAL
650 _aEUPHORBIACEAE
650 _aDISTRIBUICAO GEOGRAFICA
909 _a202312
_bLúcia Elande
_c55
_dLúcia Elande
942 _2AGRIS
_n0
_cMS
999 _c271465
_d271465